000 00712nam a2200229Ia 4500
003 OSt
005 20220925211227.0
006 a|||||r|||| 00| 0
007 ta
008 220923b |||||||| |||| 00| 0 eng d
037 _cGeneral Book
040 _aRTL
_cRTL
_beng
041 _2eng
_aeng
082 _aX:87p2,N72, L2
111 _aNational Meet of Students of Management and Labour Studies (1972 : Jamshedpur India)
_9274109
245 0 _aProceedings
_b Growth social justice and the Indan
260 _aJamshedpur
_bXavier Institute India
_c1972
300 _a267p.
_ccm.
650 _aExecutive
_9233834
942 _hX:87p2,N72, L2
_cGB
_2CC
999 _c557081
_d557081